UBT Library

Reader's digest complete book of the garden. (Record no. 43374)

000 -LEADER
fixed length control field 00613cam a22002051 4500
001 - CONTROL NUMBER
control field 2642060
005 - DATE AND TIME OF LATEST TRANSACTION
control field 20180224073149.0
008 - FIXED-LENGTH DATA ELEMENTS--GENERAL INFORMATION
fixed length control field 760426s1966 nyuab 000 0 eng
010 ## - LIBRARY OF CONGRESS CONTROL NUMBER
LC control number 66015517
040 ## - CATALOGING SOURCE
Original cataloging agency DLC
Transcribing agency DLC
Modifying agency DLC
041 ## - LANGUAGE CODE
Language code of text/sound track or separate title eng
080 ## - UNIVERSAL DECIMAL CLASSIFICATION NUMBER
Universal Decimal Classification number 635
082 00 - DEWEY DECIMAL CLASSIFICATION NUMBER
Classification number 635 EVE
100 ## - Rafti
Rafti 9
101 ## - Shkurtesa
Shkurtesa MJE
245 10 - TITLE STATEMENT
Title Reader's digest complete book of the garden.
Statement of responsibility, etc [Prepared by the editors of the Reader's digest. General editor and technical advisor, Thomas H. Everett]
740 0# - ADDED ENTRY--UNCONTROLLED RELATED/ANALYTICAL TITLE
Uncontrolled related/analytical title Complete book of the garden.
906 ## - LOCAL DATA ELEMENT F, LDF (RLIN)
a 7
b cbc
c orignew
d u
e ocip
f 19
g y-gencatlg
942 ## - ADDED ENTRY ELEMENTS (KOHA)
Source of classification or shelving scheme
Item type Books
Holdings
Withdrawn status Lost status Source of classification or shelving scheme Damaged status Not for loan Collection code Permanent location Current location Shelving location Date acquired Total Checkouts Full call number Barcode Date last seen Price effective from Koha item type
          Koleksioni i përgjithshem UBT - Lipjan UBT - Lipjan Koleksioni i përgjithshem 02/24/2018   635 EVE 002-2999990 02/24/2018 02/24/2018 Books
UBT Library © 2015-2024. All rights reserved University Education for Business and Technology